Human rights and public health in the AIDS pandemic (Record no. 76246)

MARC details
000 -LEADER
fixed length control field 00992nam a2200229 a 4500
008 - FIXED-LENGTH DATA ELEMENTS--GENERAL INFORMATION
fixed length control field 100115s1997 ||||||||||||||||| || u
020 ## - INTERNATIONAL STANDARD BOOK NUMBER
International Standard Book Number 0195114426
050 ## - LIBRARY OF CONGRESS CALL NUMBER
Classification number KD 21 Gos
100 ## - MAIN ENTRY--PERSONAL NAME
Personal name Gostin, Lawrence O
245 10 - TITLE STATEMENT
Title Human rights and public health in the AIDS pandemic
Statement of responsibility, etc. Lawrence O. Gostin; Zita Lazzarini
260 ## - PUBLICATION, DISTRIBUTION, ETC.
Place of publication, distribution, etc. New York
Name of publisher, distributor, etc. Oxford University Press
Date of publication, distribution, etc. 1997
300 ## - PHYSICAL DESCRIPTION
Extent xvii, 212 pages
350 ## -
-- 0.00
650 ## - SUBJECT ADDED ENTRY--TOPICAL TERM
Topical term or geographic name entry element PUBLI HEALTH--GOVERNMENT POLICY
650 #0 - SUBJECT ADDED ENTRY--TOPICAL TERM
Topical term or geographic name entry element HUMAN RIGHTS
650 ## - SUBJECT ADDED ENTRY--TOPICAL TERM
Topical term or geographic name entry element PUBLIC HEALTH LAWS
650 ## - SUBJECT ADDED ENTRY--TOPICAL TERM
Topical term or geographic name entry element AIDS (DISEASE)--PATIENTS--LEGAL STATUS, LAWS, ETC
650 ## - SUBJECT ADDED ENTRY--TOPICAL TERM
Topical term or geographic name entry element LAW
700 ## - ADDED ENTRY--PERSONAL NAME
Personal name Lazzarini, Zita
995 ## -
-- ANNEX COLLECTION (Main Library)
-- 0.00
-- 737024
-- CBU-MAIN LIBRARY (Kitwe)
-- 1
-- 0.00
-- KD 21 GOS
-- 1
-- LOST
-- Mar 9, 2016
-- Jan 15, 2010
-- 39820
-- Annex Low-Usage Collection
995 ## -
-- MAIN LIBRARY OPEN ACCESS
-- 0.00
-- 737025
-- CBU-MAIN LIBRARY (Kitwe)
-- 1
-- 0.00
-- KD 21 GOS
-- 2
-- AVAILABLE
-- Jan 15, 2010
-- 39821
-- Main Library Open Access Collection
999 ## -
-- 76246
-- 76246
Holdings
Withdrawn status Lost status Source of classification or shelving scheme Damaged status Not for loan Permanent Location Current Location Shelving location Date acquired Total Checkouts Full call number Barcode Date last seen Copy number Price effective from Koha item type
          CBU-MAIN LIBRARY, KITWE. CBU-MAIN LIBRARY, KITWE.   04/25/2023   KD 21 Gos 39820 04/25/2023 1 04/25/2023 MONOGRAPH
          CBU-MAIN LIBRARY, KITWE. CBU-MAIN LIBRARY, KITWE.   04/25/2023   KD 21 Gos 39821 04/25/2023 2 04/25/2023 MONOGRAPH